The Industrial Disputes Act 1947 (Record no. 3788)

MARC details
000 -LEADER
fixed length control field 00350nam a22001457a 4500
005 - DATE AND TIME OF LATEST TRANSACTION
control field 20180413120920.0
008 - FIXED-LENGTH DATA ELEMENTS--GENERAL INFORMATION
fixed length control field 160624b xxu||||| |||| 00| 0 eng d
041 ## - LANGUAGE CODE
Language code of text/sound track or separate title eng
082 ## - DEWEY DECIMAL CLASSIFICATION NUMBER
Item number 9744
Classification number 348
245 ## - TITLE STATEMENT
Title The Industrial Disputes Act 1947
260 ## - PUBLICATION, DISTRIBUTION, ETC. (IMPRINT)
Name of publisher Converical Law Publication
Year of publication 2009
300 ## - PHYSICAL DESCRIPTION
Number of Pages 144
650 ## - SUBJECT ADDED ENTRY--TOPICAL TERM
Topical Term Management
942 ## - ADDED ENTRY ELEMENTS (KOHA)
Koha item type Books
Holdings
Lost status Damaged status Collection code Home library Current library Shelving location Date acquired Cost, normal purchase price Full call number Accession Number Koha item type
    LAW JRU Library JRU Library SHELF-31-C 24/06/2016 110.00 348 9744 Books
    LAW JRU Library JRU Library SHELF-31-C 24/06/2016 110.00 348 9745 Books
      JRU Library   Shelf - 9 - N 24/06/2016 110.00 348 9746 Books
    LAW JRU Library JRU Library SHELF-31-C 24/06/2016 110.00 348 9747 Books
    LAW JRU Library JRU Library SHELF-31-C 24/06/2016 110.00 348 9748 Books
    LAW JRU Library JRU Library SHELF-31-C 24/06/2016 110.00 348 9749 Books